22. Internationales Ost-West-Handels - Fachseminar 4. bis 8.4.1989

Na minha lista:
Detalhes bibliográficos
Formato: Livro
Idioma:alemão
Publicado em: Linz Gesellschaft für Ost- und Südostkunde 1989
Edição:1. ed.
Tags: Adicionar Tag
Sem tags, seja o primeiro a adicionar uma tag!

MARC

LEADER 00000nam a2200000 4500
001 c036534
005 20221215124102.7
041 0 |a ger 
044 |a AT 
245 1 0 |a 22. Internationales Ost-West-Handels - Fachseminar  |b 4. bis 8.4.1989 
250 |a 1. ed. 
264 1 |a Linz  |b Gesellschaft für Ost- und Südostkunde  |c 1989 
300 |a 227 s.